Lectura temprana: jardin infantil y primer grado

Gespeichert in:
Bibliographische Detailangaben
1. Verfasser: Condemarín Grimberg, Mabel (VerfasserIn)
Format: Buch
Sprache:Spanisch
Veröffentlicht: Santiago Andrés Bello 1998
Ausgabe:4a. ed
Schlagworte:
Tags: Tag hinzufügen
Keine Tags, Fügen Sie den ersten Tag hinzu!

MARC

LEADER 00000nam a2200000 a 4500
001 UCH8317
003 CL-VaPUC
008 091127e19980000CL |||||||||||||||||spa|d
020 |a 9561307103 
082 0 4 |a 372.41  |b CON  |2 21 
100 0 |a Condemarín Grimberg, Mabel  |e author  |9 544853 
245 1 0 |a Lectura temprana: jardin infantil y primer grado 
250 |a 4a. ed 
300 |a 330 p 
942 |c BK 
945 |d 20091127 00:00:00  |a lazolas 
260 |a Santiago  |b Andrés Bello  |c 1998 
650 0 |a Enseñanza de la lectura  |9 308364 
650 0 |a Educación preescolar  |9 260381 
650 0 |a Educación básica   |9 224933 
650 0 |a Cuentos infantiles  |9 308044 
650 0 |a Literatura infantil   |9 307465 
583 |a last modification  |c 20091127 00:00:00  |k Rodrigo Vera 
999 |c 338544  |d 338542